00497nam a2200169Ia 4500003000900000008004100009020001800050040001600068080001600084100001700100245008100117250001200198260004800210300001400258490003600272650001900308IN-BaIIA211028s9999 xx 000 0 eng d a0-521-25320-9 cIIA Library a535.41bSTE aSteel, W. H. 0aInterferometarycW. H. Steel  a2nd ed. aCambridgebCambridge University Pressc1983 axv, 308p. aCambridge monographs on physics aInterferometry